00959nam a2200241Ia 4500003000400000005001700004008004100021020003000062040001300092082002400105245015900129250001100288260002800299300002700327500001900354505013200373650001200505650001800517700002800535942000900563952013000572999001500702IIN20250328121430.0250328s9999 xx adf 001 0 eng d cRs.3695.00a9789389034998 aIINbEng a611 bDEV1 aInderbir Singh's Textbook of Anatomybwith Surface Anatomy, Dissection, Radiology Anatomy, Clinical Anatomy and Case Scenarioscedited by V. Subhadra Devi a7th ed bJaypeeaNew Delhic2022 a534p. / V.1bcol. ill. aIncludes Index aVolume 1. - Contains Two Section: (Section 1) : Upper Limb (Section 2) : Thorax1 aAnatomy1 aHuman Anatomy aDevi, V. Subhadra (ed.) cBOOK 00102ddc40708PURSaIINbIINcGENd2025-03-11g3695.00l0o611 DEVp1827r2025-03-28 12:15:03w2025-03-28yBOOK c1712d1712